International Cities by English Translations - Statistics

General Stats
  • This quiz has been taken 398 times
  • The average score is 7 of 12
Answer Stats
Hint Country Answer % Correct
Good Air Argentina Buenos Aires
98%
The Peace Bolivia La Paz
85%
Mountain View Uruguay Montevideo
84%
River of January Brazil Rio de Janeiro
83%
Salt Castle Austria Salzburg
67%
Royal Mountain Canada Montréal
66%
Body of Christ USA Corpus Christi
60%
Savior Brazil Salvador
58%
Freecastle Germany Freiburg
43%
Queen Canada Regina
33%
Joyful Harbor Brazil Porto Alegre
30%
Rain's Castle Germany Regensburg
25%
No matching quizzes found
Score Distribution
Percent of People with Each Score
Percentile by Number Answered
Your Score History
You have not taken this quiz